| 000 | 00731nam a2200229 u 4500 | ||
|---|---|---|---|
| 005 | 20230623063610.0 | ||
| 008 | 150903s2010 mx r 000 0 spa d | ||
| 020 | _a9786077720638 | ||
| 035 | _aUPN01000205587 | ||
| 049 | _aI | ||
| 050 | 4 |
_aPZ75 _bH4.7 |
|
| 100 | 1 |
_aHeredia Caamaño, Jesús _938051 |
|
| 245 | 1 | 0 |
_aA, B y C : _bla primera lección / _cJesús Heredia Caamaño, Abraham Balcázar Rodríguez. |
| 260 |
_aMéxico : _bAxial : _bColofón, _c2010. |
||
| 300 |
_a[36] p. : _bil. col. |
||
| 440 | 0 | _aHistorias para descolgar | |
| 650 | 4 |
_aCuentos infantiles mexicanos _97723 |
|
| 650 | 7 |
_aAmistad entre niños _2 _94319 |
|
| 700 | 1 |
_aBalcázar Rodríguez, Abraham, _ecoaut. |
|
| 905 | _aInfantil | ||
| 999 |
_c177688 _d177688 |
||